Statistics for Regions of South Africa

Click here to take the quiz!

General Stats

  • This quiz has been taken 31 times
  • The average score is 5 of 9

Answer Stats

Region% Correct
Western Cape
85%
Eastern Cape
78%
Northern Cape
70%
Free State
56%
Kwazulu-Natal
56%
Limpopo
56%
Guateng
48%
North West
44%
Mpumalanga
41%

Score Distribution

Percentile by Number Answered

Percent of People with Each Score

Your Score History

You have not taken this quiz